[Event "ICS rated blitz match"]
[Site "204.178.125.65"]
[Date "1999.09.17"]
[Round "?"]
[White "Hossa"]
[Black "Edelson"]
[Result "1-0"]
[WhiteElo "2423"]
[BlackElo "2052"]
[Annotator "Fritz 5.32 (20s)"]
[PlyCount "63"]
[EventDate "1999.??.??"]

1. d4 1... e6 {Opening = C18 - 5.a3 Bc3 6.bc3(Ne7 7.---)} 2. e4 d5 3. Nc3 Bb4
4. e5 c5 5. a3 Bxc3+ 6. bxc3 Qc7 7. Nf3 Bd7 8. Bd3 c4 (8... Ne7 9. h4 Ba4 10.
h5 cxd4 11. cxd4 Qc3+ 12. Bd2 Qxd3 13. cxd3 Bxd1 14. Kxd1 h6 15. Ke2 {
- Kuczynski,R-Gizynski,T/Katowice 1993/EXT 98 (15)}) 9. Be2 9... Qa5 $146 (9...
Ba4 10. O-O (10. Bd2 Nc6 11. Rb1 Nge7 12. Qc1 O-O-O 13. Ng5 Ng6 14. Bg4 Rde8
15. h4 h6 16. Nf3 h5 17. Bh3 f6 18. exf6 gxf6 19. g3 Kb8 20. Be3 e5 21. O-O Ka8
22. Bg2 e4 23. Ne1 f5 24. Bh3 24... f4 {
Kisanova,K-Polivoda,N/Verdun 1995/EXT 97/0-1 (37)}) 10... Nd7 (10... h6 11. Nh4
g5 12. Nf3 Nd7 13. Ne1 O-O-O 14. Bg4 Re8 15. Bh3 f5 16. exf6 Ngxf6 17. f4 Ne4
18. fxg5 hxg5 19. Rf7 Nxc3 20. Qg4 Qb6 21. Nf3 Bxc2 22. Qxg5 Ne4 23. Qf4 Rxh3
24. gxh3 Rg8+ 25. Kf1 {Pangritz,P-Ruf,M/Bad Urach 1986/EXT 97/0-1 (60)}) 11.
Re1 Nb6 12. Ng5 h6 13. Nh3 Ne7 14. f4 O-O-O 15. Be3 Nd7 16. Qd2 Kb8 17. Rab1
Rdg8 18. Rb4 b5 19. Reb1 Qc6 20. Rxa4 Nb6 21. Rab4 a6 22. a4 Nxa4 23. Rxa4 Kc7
24. Ra5 Ra8 25. Rba1 Qb6 26. Qe1 Nc6 27. R5a2 {
1-0 Grabowski,J-Gerke,F/Ruhr-chS 4th 1997/EXT 99 (27)}) 10. Bd2 Qa4 11. O-O Nc6
12. Ng5 12... O-O-O $4 $18 {gibt den Vorteil aus der Hand} (12... Nh6 $11 $142
{geht wohl noch}) 13. Nxf7 {Weiss haelt das Heft fest in der Hand} 13... Nge7
14. Rb1 a6 (14... Nf5 15. Qc1 $18) 15. Nd6+ Kb8 16. Nxb7 (16. Rxb7+ $6 16...
Ka8 17. Bg5 Nf5 18. Bxd8 18... Rxd8 $18) 16... Ka7 (16... Ka8 {
hilft allerdings auch nicht} 17. Be3 $18) 17. Nc5 $1 {zwingend und schoen} ({
Jedoch nicht} 17. Nxd8 17... Rxd8 18. Qc1 18... Nf5 $18) 17... Qa5 18. Rb7+ Ka8
19. Rxd7 Rxd7 20. Nxd7 Qc7 21. Nc5 Nxe5 22. f4 (22. Bf4 {ist genauer} 22...
N7g6 23. Bxe5 Nxe5 24. Nxe6 Qd6 25. dxe5 25... Qxe6 $18) 22... N5c6 (22... Nd7
{nuetzt auch nichts mehr} 23. Nxe6 Qd6 24. Nxg7 $18) 23. Nxe6 Qd6 24. Nxg7 {
f4 setzt sich schnell in Bewegung} 24... Rg8 25. Nh5 Nf5 26. Kh1 Nb8 (26... Re8
{macht keinen grossen Unterschied} 27. g4 Ne3 28. Bxe3 Rxe3 29. Qd2 $18) 27.
Bf3 Nd7 28. Re1 Nh4 29. Bg4 Nf6 (29... Qg6 {ist der letzte Strohhalm} 30. Bh3
30... Nf5 $18) 30. Nxf6 Qxf6 31. Be6 Rxg2 (31... Rb8 {
bietet noch letzte Rettungschancen} 32. Bxd5+ 32... Ka7 $18) 32. Bxd5+ (32.
Bxd5+ Ka7 33. Re8 Rxh2+ 34. Kxh2 Nf3+ 35. Qxf3 Qh6+ 36. Qh3 Qxh3+ 37. Kxh3 Kb6
38. Re6+ Kc7 39. f5 Kb8 40. Bf4+ Ka7 41. Re7+ Kb6 42. Rb7+ Ka5 43. Bc6 h5 44.
Bc7#) 1-0

[Event "ICS rated blitz match"]
[Site "204.178.125.65"]
[Date "1999.09.17"]
[Round "?"]
[White "Hossa"]
[Black "Edelson"]
[Result "1-0"]
[WhiteElo "2429"]
[BlackElo "2046"]
[Annotator "Fritz 5.32 (20s)"]
[PlyCount "65"]
[EventDate "1999.??.??"]

1. d4 1... e6 {Opening = C11 - 3.Nc3 Nf6(4.Bg5 ---)} 2. e4 d5 3. Nc3 Nf6 4. Bg5
dxe4 5. Nxe4 Be7 6. Nxf6+ Bxf6 7. Bxf6 Qxf6 8. Bd3 Nd7 9. Nf3 O-O 10. c3 (10.
O-O e5 11. dxe5 Nxe5 12. Nxe5 Qxe5 13. c3 {
- Tseshkovsky,V-Sosonko,G/Ljubljana 1977/MCD (13)}) 10... e5 $146 (10... b6 11.
Be4 Rb8 12. Qd3 g6 13. O-O-O c5 14. h4 cxd4 15. h5 Nc5 16. Qe2 dxc3 17. Kb1
Nxe4 18. Qxe4 Bb7 19. Qc2 Rbc8 20. b3 Be4 21. Rd3 Bxd3 22. Qxd3 22... c2+ {
0-1 Jenkins,D-Al Afoo,S/Moscow 1994/CBM 44 ext (22)}) 11. Qc2 exd4 12. Bxh7+
Kh8 13. Be4 ({Schwaecher ist} 13. Nxd4 13... c5 14. Ne2 g6 15. Bxg6 15... fxg6
$17) 13... dxc3 14. bxc3 (14. Qxc3 $2 14... Qxc3+ 15. bxc3 15... Re8 $19) 14...
Nc5 15. O-O Bg4 16. Nd4 16... c6 {Ueberdeckt b5+d5} ({Schlechter ist} 16...
Nxe4 17. Qxe4 Bc8 18. Rfe1 $14) 17. f3 {Verwehrt dem Gegner e4} 17... Nxe4 18.
fxg4 Qg6 19. Rf4 Rfe8 20. Qb2 $15 (20. Raf1 c5 21. Nf3 21... b6 $14) 20... Re7
$14 (20... b6 $5 $15 {ist vielleicht staerker}) 21. Nf5 {
Weiss erhaelt Koenigsangriff} 21... Re5 22. Qxb7 Rae8 23. Re1 23... f6 $18 (
23... Qe6 24. Re3 24... Nd2 $14) 24. Qxc6 Ng5 25. Rxe5 {Es droht Matt} 25...
Rxe5 26. Qa8+ Re8 (26... Kh7 27. Qxa7 Re1+ 28. Kf2 $18) 27. Qxa7 Ne6 (27...
Re1+ 28. Rf1 Rxf1+ 29. Kxf1 $18) 28. Re4 Qg5 (28... Nc7 {
sonst gehen die Lichter sofort aus} 29. Rc4 29... Ne6 $18) 29. Re3 (29. h4 $142
{entschiede die Partie sofort} 29... Qg6 30. Qd7 $18) 29... Qxg4 (29... Rd8 30.
Qa4 30... Qf4 $18) 30. Qf7 {Droht Matt} 30... Qd1+ 31. Kf2 Qd2+ 32. Kg3 {
Droht Matt} 32... Rg8 (32... Rd8 $18 {lenkt den Gegner vielleicht noch ab}) 33.
Qh5# (33. Rxe6 $6 {ist weit schwaecher wegen} 33... Qg5+ 34. Kf2 Qxf5+ 35. Ke1
Qb1+ 36. Ke2 Qb5+ 37. c4 Qxc4+ 38. Kf3 Qf1+ 39. Kg3 Qd3+ 40. Kf2 Qf5+ 41. Ke1
Qb1+ 42. Ke2 Qxa2+ 43. Ke3 43... Qd5 $11) 1-0

[Event "ICS rated blitz match"]
[Site "204.178.125.65"]
[Date "1999.09.11"]
[Round "?"]
[White "Hossa"]
[Black "EnSiGmA"]
[Result "1-0"]
[WhiteElo "2479"]
[BlackElo "2262"]
[PlyCount "26"]
[EventDate "1999.??.??"]

1. e4 Nc6 2. d4 d5 3. exd5 Qxd5 4. Be3 e5 5. c4 Qd6 6. d5 Qb4+ 7. Nd2 Nd4 8. b3
Bc5 9. Ne2 Nf6 10. a3 Qb6 11. b4 Nxe2 12. Bxc5 Nc3 13. Qb3 13... Nfxd5 {
EnSiGmA resigns} 1-0

[Event "ICS rated blitz match"]
[Site "204.178.125.65"]
[Date "1999.08.28"]
[Round "?"]
[White "Hossa"]
[Black "Esen"]
[Result "1-0"]
[WhiteElo "2507"]
[BlackElo "2028"]
[PlyCount "26"]
[EventDate "1999.??.??"]

1. e4 c6 2. d4 d5 3. Nd2 dxe4 4. Nxe4 Nd7 5. c3 Ngf6 6. Nxf6+ Nxf6 7. Bc4 Bf5
8. Ne2 e6 9. O-O Bd6 10. Ng3 Bg6 11. Bg5 Bxg3 12. fxg3 O-O 13. Qf3 13... Be4 {
Esen resigns} 1-0

[Event "ICS rated blitz match"]
[Site "204.178.125.65"]
[Date "1999.10.02"]
[Round "?"]
[White "Hossa"]
[Black "Esen"]
[Result "1-0"]
[WhiteElo "2419"]
[BlackElo "2077"]
[PlyCount "34"]
[EventDate "1999.??.??"]

1. e4 c6 2. d4 d5 3. exd5 cxd5 4. c4 Nf6 5. Nc3 Nc6 6. cxd5 Nxd5 7. Nf3 Bg4 8.
Be2 Bxf3 9. Bxf3 Nxc3 10. bxc3 e6 11. Rb1 Qc7 12. Qa4 O-O-O 13. O-O a6 14. g3
Be7 15. Re1 Bf6 16. Bf4 Qd7 17. Rb6 17... Be7 {Esen resigns} 1-0

[Event "ICS rated blitz match"]
[Site "204.178.125.65"]
[Date "1999.08.28"]
[Round "?"]
[White "Hossa"]
[Black "Esen"]
[Result "1-0"]
[WhiteElo "2511"]
[BlackElo "2024"]
[PlyCount "50"]
[EventDate "1999.??.??"]

1. e4 c6 2. d4 d5 3. Nd2 dxe4 4. Nxe4 Nd7 5. c3 Ngf6 6. Nxf6+ Nxf6 7. Bc4 Bf5
8. Ne2 e6 9. O-O Be7 10. Ng3 Bg6 11. Bg5 h6 12. Bxf6 Bxf6 13. Re1 O-O 14. Qg4
Bh7 15. Ne4 Bxe4 16. Rxe4 b5 17. Bb3 Qc7 18. Qh5 a5 19. a4 b4 20. cxb4 axb4 21.
Rc1 Qa5 22. Qxa5 Rxa5 23. Rxc6 Rd8 24. Rc4 Rad5 25. Rxb4 25... Bxd4 {
Esen resigns} 1-0

[Event "ICS rated blitz match"]
[Site "204.178.125.65"]
[Date "1999.09.02"]
[Round "?"]
[White "Hossa"]
[Black "Esen"]
[Result "1/2-1/2"]
[WhiteElo "2491"]
[BlackElo "2064"]
[PlyCount "185"]
[EventDate "1999.??.??"]

1. d4 Nf6 2. c4 e6 3. Nc3 Bb4 4. Bg5 Bxc3+ 5. bxc3 h6 6. Bxf6 Qxf6 7. e4 d6 8.
a3 e5 9. Ne2 O-O 10. Ng3 Nc6 11. d5 Na5 12. Bd3 b6 13. Nf1 Nb7 14. Ne3 Nc5 15.
O-O a5 16. Bc2 Qe7 17. Qh5 Qg5 18. Qxg5 hxg5 19. Rfb1 f6 20. f3 Bd7 21. Rb2 Kf7
22. Kf2 Rh8 23. h3 Ke7 24. Rab1 Raf8 25. Ke2 Rd8 26. Bd3 Rdf8 27. Kd2 Rd8 28.
Be2 Rdf8 29. Kc2 Rd8 30. Bf1 Rdf8 31. Bd3 Rh6 32. Nd1 Rhh8 33. Nf2 Rd8 34. Kd2
Rdf8 35. Bc2 Rd8 36. Nd3 Nxd3 37. Bxd3 Rdf8 38. Bc2 Rd8 39. Ke3 Rdf8 40. Kd3
Rd8 41. Kd2 Rdf8 42. a4 Rd8 43. Ke3 Rdf8 44. Kd3 Rd8 45. Bb3 Rdf8 46. Kd2 Rh6
47. Ke2 Rfh8 48. Kd1 R6h7 49. Kd2 Rh6 50. Bc2 R6h7 51. Kd3 Rh6 52. Ke3 R6h7 53.
Kd2 Rh6 54. Rc1 R6h7 55. Bb3 Rh6 56. Ra1 R6h7 57. Kd3 Rh6 58. Bc2 R6h7 59. Kd2
Rh6 60. Bd3 R6h7 61. Kc2 Rh6 62. Kb3 R6h7 63. Rab1 Rh6 64. Ka3 R6h7 65. Rb3 Rh6
66. Be2 Rf8 67. R1b2 Rfh8 68. Bd3 Rf8 69. Ra2 Rfh8 70. Rb1 Rf8 71. Rab2 Rfh8
72. Bc2 Rf8 73. Kb3 Rfh8 74. Bd1 Rf8 75. Be2 Rfh8 76. Bd3 Rf8 77. Rc2 Rfh8 78.
Rd2 Rf8 79. Rdd1 Rfh8 80. Rb2 Rf8 81. Re1 Rfh8 82. Rf1 Rf8 83. Rg1 Rfh8 84.
Rbb1 Rf8 85. Rge1 Rfh8 86. Re2 Rf8 87. Rf2 Rfh8 88. Rff1 Rf8 89. Rb2 Rfh8 90.
Rc1 Rf8 91. Rh1 Rfh8 92. Ka3 Rf8 93. Rhb1 {Game drawn by the 50 move rule}
1/2-1/2

[Event "ICS rated blitz match"]
[Site "204.178.125.65"]
[Date "1999.10.02"]
[Round "?"]
[White "Hossa"]
[Black "Esen"]
[Result "1/2-1/2"]
[WhiteElo "2427"]
[BlackElo "2069"]
[PlyCount "125"]
[EventDate "1999.??.??"]

1. e4 c6 2. d4 d5 3. exd5 cxd5 4. c4 Nf6 5. Nc3 Nc6 6. cxd5 Nxd5 7. Nf3 Bg4 8.
Be2 e6 9. O-O Bb4 10. Nxd5 Qxd5 11. a3 Be7 12. Be3 O-O 13. Rc1 Rfc8 14. Re1 Qd7
15. Qd3 Bxf3 16. Bxf3 Bf6 17. Be4 g6 18. Rc4 Na5 19. Rc3 Rxc3 20. bxc3 Rc8 21.
Rb1 b6 22. Bh6 Bg7 23. Bxg7 Kxg7 24. Ra1 Qc7 25. Rc1 Qc4 26. Qb1 Qb3 27. Qxb3
Nxb3 28. Rc2 Na5 29. Bd3 Kf8 30. f4 h6 31. Ba6 Rc7 32. a4 g5 33. fxg5 hxg5 34.
Kf2 f6 35. Ke3 Ke7 36. Kd3 Nc6 37. Re2 Nb8 38. Bc4 Rc6 39. d5 Rd6 40. Rxe6+
Rxe6 41. dxe6 Nc6 42. Ke4 Nd8 43. Bd5 Nxe6 44. Bxe6 Kxe6 45. g4 Kd6 46. Kf5 Ke7
47. Ke4 Ke6 48. c4 Kd6 49. Kd4 Kc6 50. Kd3 Kc5 51. Kc3 a6 52. Kb3 a5 53. Kc3
Kc6 54. Kd4 Kd6 55. h3 Kc6 56. Kd3 Kc5 57. Kc3 Kc6 58. Kd4 Kd6 59. Kd3 Kc5 60.
Kc3 Kc6 61. Kd4 Kd6 62. Kd3 Kc5 63. Kc3 {Game drawn by repetition} 1/2-1/2

[Event "ICS rated blitz match"]
[Site "204.178.125.65"]
[Date "1999.09.04"]
[Round "?"]
[White "Hossa"]
[Black "Etan"]
[Result "1-0"]
[WhiteElo "2475"]
[BlackElo "2176"]
[PlyCount "125"]
[EventDate "1999.??.??"]

1. e4 e6 2. d4 d6 3. Bd3 b6 4. Ne2 g6 5. Nbc3 Bg7 6. O-O Ne7 7. Bg5 h6 8. Be3
O-O 9. Qd2 Kh7 10. Rad1 Nd7 11. Nf4 Bb7 12. b3 Qe8 13. Nb5 Qd8 14. c4 e5 15.
dxe5 Nxe5 16. Nd4 N7c6 17. Nxc6 Bxc6 18. Qe2 Qe7 19. Nd5 Bxd5 20. cxd5 Nxd3 21.
Qxd3 Rae8 22. Rc1 a5 23. Rc4 f5 24. exf5 Rxf5 25. Rfc1 Qf7 26. Rxc7 Qxd5 27.
Bd4 Rf7 28. Rxf7 Qxf7 29. Bxg7 Qxg7 30. Qxd6 Re7 31. Qxb6 Ra7 32. Re1 Qc7 33.
Qe3 Qf7 34. a3 Rb7 35. Qc5 Qc7 36. b4 Qxc5 37. bxc5 Rb3 38. Rc1 Rb7 39. c6 Rc7
40. f4 Kg7 41. g4 Kf6 42. Rc5 Ke6 43. f5+ gxf5 44. gxf5+ Kd6 45. Rxa5 Rxc6 46.
Kg2 Ke7 47. Kg3 Kf6 48. Kg4 Rc4+ 49. Kh5 Rc2 50. h4 Kg7 51. Ra6 Kf8 52. Kxh6
Rg2 53. Ra7 Rg3 54. a4 Rg2 55. h5 Rg3 56. a5 Rg2 57. a6 Ra2 58. Ra8+ Kf7 59. a7
Ra6+ 60. Kg5 Kg7 61. f6+ Kh7 62. f7 Kg7 63. f8=Q+ {Etan resigns} 1-0

[Event "ICS rated blitz match"]
[Site "204.178.125.65"]
[Date "1999.09.24"]
[Round "?"]
[White "Hossa"]
[Black "FLMaster"]
[Result "1-0"]
[WhiteElo "2406"]
[BlackElo "2066"]
[PlyCount "59"]
[EventDate "1999.??.??"]

1. e4 c5 2. Nf3 e6 3. c3 Nf6 4. e5 Nd5 5. d4 cxd4 6. cxd4 Bb4+ 7. Bd2 Bxd2+ 8.
Nbxd2 d6 9. Bb5+ Bd7 10. Bxd7+ Qxd7 11. Nc4 dxe5 12. Nfxe5 Qe7 13. Qa4+ Nd7 14.
Nxd7 Qxd7 15. Nd6+ Ke7 16. Qxd7+ Kxd7 17. Nxf7 Rhf8 18. Ne5+ Ke7 19. Rc1 Rf4
20. Nf3 g5 21. h3 h5 22. Rc4 Rg8 23. Ke2 g4 24. hxg4 hxg4 25. Ne5 Rg7 26. Rhc1
g3 27. Nd3 Re4+ 28. Kf3 Rf4+ 29. Nxf4 Rf7 30. fxg3 {FLMaster resigns} 1-0

[Event "ICS rated blitz match"]
[Site "204.178.125.65"]
[Date "1999.09.30"]
[Round "?"]
[White "Hossa"]
[Black "FSUNole"]
[Result "1-0"]
[WhiteElo "2471"]
[BlackElo "2200"]
[PlyCount "45"]
[EventDate "1999.??.??"]

1. d4 d5 2. c4 e6 3. Nc3 c6 4. e4 Bb4 5. Bd3 Bxc3+ 6. bxc3 dxe4 7. Bxe4 f5 8.
Bf3 Nf6 9. Bh5+ Nxh5 10. Qxh5+ g6 11. Qh6 Qd7 12. Nf3 Na6 13. Ne5 Qe7 14. Nxg6
hxg6 15. Qxh8+ Qf8 16. Qe5 c5 17. Ba3 b6 18. O-O Bb7 19. Qxe6+ Qe7 20. Qxg6+
Qf7 21. Rae1+ Kf8 22. Qd6+ Kg7 23. Re7 {FSUNole resigns} 1-0

[Event "ICS rated blitz match"]
[Site "204.178.125.65"]
[Date "1999.09.18"]
[Round "?"]
[White "Hossa"]
[Black "Florina"]
[Result "1-0"]
[WhiteElo "2435"]
[BlackElo "2070"]
[Annotator "Fritz 5.32 (20s)"]
[PlyCount "79"]
[EventDate "1999.??.??"]

1. e4 1... d5 {Opening = B01 - 1.e4 d5} 2. e5 c5 3. c3 Bf5 4. d4 (4. Nf3 e6 5.
d4 Nc6 6. a3 (6. Be2 cxd4 7. cxd4 Bb4+ 8. Bd2 Be7 9. O-O Nh6 10. Nc3 Bg6 11.
Rc1 Nf5 12. Qa4 O-O 13. a3 Qb6 14. b4 Nfxd4 15. b5 Nxf3+ 16. gxf3 Nxe5 17. Na2
Qd8 18. Ba5 b6 19. Bc3 Bd6 20. Nb4 Qh4 21. Rfd1 Ng4 22. Nd3 {
0-1 Huger,H-Rabe,T/Erlangen 1997/EXT 99 (22)}) 6... Bg4 7. Be3 Qb6 8. b4 cxd4
9. cxd4 Nge7 10. Nc3 Nf5 11. Na4 Qd8 12. Be2 Be7 13. O-O O-O 14. Qd2 f6 15. b5
Na5 16. exf6 Rxf6 17. Ra2 Nc4 18. Bxc4 18... Bxf3 {
Vavruska,A-Tatarko,J/CZE-chT 1993/TD/0-1 (40)}) 4... e6 5. Bb5+ Nc6 6. Ne2 $146
(6. Qa4 Qc7 7. Ne2 a6 8. O-O Rc8 9. Bxc6+ Qxc6 10. Qxc6+ Rxc6 11. Be3 c4 12.
Nd2 Ne7 13. h3 Nc8 14. Rfc1 Kd7 15. b4 Be7 16. a4 f6 17. g4 Bg6 18. Kg2 Na7 19.
Ra2 Rcc8 20. Nf4 20... Bf7 {Ferreira,V-Lima,P/POR-chT 1994/EXT 98/1-0 (53)}) (
6. Nf3 a6 7. Be2 cxd4 8. cxd4 Nge7 9. O-O Bxb1 10. Rxb1 Nf5 11. b3 Be7 12. Bb2
O-O 13. Rc1 Rc8 14. Bd3 g6 15. Bxf5 exf5 16. Qe2 Qd7 17. Qe3 Nd8 18. Rxc8 Qxc8
19. Rc1 Qd7 20. Qh6 20... Ne6 {Guzman,A-Brusa,E/Saladillo 1992/EXT 98/ - (30)})
6... Qb6 7. Ba4 Nge7 8. O-O Bg6 9. dxc5 Qxc5 10. Bf4 10... a6 {Sichert b5} 11.
Nd2 Nf5 12. Nb3 Qa7 13. c4 (13. Ned4 Nfxd4 14. Nxd4 14... Rc8 $11) 13... dxc4
14. Na5 Rc8 15. Bg5 (15. Nxc4 $2 {geht nicht} 15... b5 $19) 15... Be7 16. Bxc6+
bxc6 17. Bxe7 Nxe7 18. Nxc4 O-O 19. Qb3 Rb8 20. Qh3 Bf5 21. Qg3 Rfd8 22. Rad1
Nd5 23. Nd4 Qc5 24. Nxf5 {Droht Matt} 24... exf5 25. b3 f4 26. Qf3 a5 27. Rd2
a4 28. Rfd1 axb3 29. axb3 Rb4 30. Rd3 30... Rdb8 {
Der isolierte Bauer b3 geraet unter Druck} 31. Qh3 Re8 32. Qh5 g6 33. Qh6 33...
Reb8 $4 $18 (33... Qe7 $14 $142 {bringt noch Rettung}) 34. Rh3 Rxb3 (34... R4b7
{wuerde die Partie noch etwas verlaengern} 35. Qxh7+ 35... Kf8 $18) 35. Qxh7+
Kf8 36. Nd6 (36. Rxb3 $142 {und Schwarz kann direkt aufgeben} 36... Rxb3 37.
Nd6 Qxd6 38. exd6 38... Ke8 $18) 36... R3b7 37. Rb3 $3 {
ein kraftvolles Opfer, das die Partie entscheidet. Mit der Mattdrohung Rxb7}
37... Qc2 38. Qh8+ Ke7 39. Rxb7+ Rxb7 (39... Ke6 {ist der letzte Rettungsanker}
40. Qh3+ Kxe5 41. Re1+ Kxd6 42. Rxb8 42... Nc3 $18) 40. Qe8# 1-0

[Event "ICS rated blitz match"]
[Site "204.178.125.65"]
[Date "1999.10.09"]
[Round "?"]
[White "Hossa"]
[Black "Florina"]
[Result "1/2-1/2"]
[WhiteElo "2504"]
[BlackElo "2223"]
[PlyCount "77"]
[EventDate "1999.??.??"]

1. e4 e6 2. d4 d5 3. Nc3 Bb4 4. a3 Bxc3+ 5. bxc3 dxe4 6. Qg4 Nf6 7. Qxg7 Rg8 8.
Qh6 Nbd7 9. Bg5 b6 10. Bb5 Rg6 11. Qh4 Bb7 12. Ne2 Qe7 13. Nf4 Rxg5 14. Qxg5
O-O-O 15. Bxd7+ Kxd7 16. Nh5 Nxh5 17. Qxh5 Rg8 18. O-O f5 19. Rfe1 Rg5 20. Qh6
e3 21. g3 exf2+ 22. Kxf2 f4 23. gxf4 Rg2+ 24. Kf1 Bd5 25. Re3 Rg6 26. Qh5 Qg7
27. Rg3 Rxg3 28. hxg3 Qxg3 29. Qf7+ Kc8 30. Ke2 Qf3+ 31. Kd2 Be4 32. Qxe6+ Kb8
33. Re1 Qxf4+ 34. Re3 Qf2+ 35. Re2 Qf4+ 36. Re3 Qf2+ 37. Re2 Qf4+ 38. Re3 Qf2+
39. Re2 {Game drawn by repetition} 1/2-1/2

[Event "ICS rated blitz match"]
[Site "204.178.125.65"]
[Date "1999.10.11"]
[Round "?"]
[White "Hossa"]
[Black "Florina"]
[Result "1-0"]
[WhiteElo "2454"]
[BlackElo "2210"]
[PlyCount "99"]
[EventDate "1999.??.??"]

1. e4 d5 2. exd5 c6 3. dxc6 Nxc6 4. Bb5 e5 5. Nc3 Nf6 6. Nf3 Bd6 7. d4 exd4 8.
Nxd4 O-O 9. Nxc6 bxc6 10. Bxc6 Rb8 11. Bb5 Bb7 12. O-O Qc7 13. g3 Rbd8 14. Bd2
Rfe8 15. Bxe8 Rxe8 16. Rb1 Qd7 17. f3 Qh3 18. Bg5 Bxg3 19. Qd2 Bc7 20. Bxf6
gxf6 21. Qg2+ Qxg2+ 22. Kxg2 Be5 23. Rbd1 Ba6 24. Rg1 Rb8 25. Kh1+ Kf8 26. Rb1
Rb4 27. a3 Rf4 28. Kg2 Bb7 29. Rbf1 Rc4 30. Rf2 Bxc3 31. bxc3 Rxc3 32. Rb1 Bd5
33. Rb5 Be6 34. a4 Rc7 35. Re2 Kg7 36. Kg1 Bf5 37. Rxf5 Kg6 38. Rb5 Rc4 39. a5
Ra4 40. Rg2+ Kh6 41. Rf5 Ra1+ 42. Kf2 Ra2 43. Rxf6+ Kh5 44. Rxf7 Rxc2+ 45. Kg3
Rxg2+ 46. Kxg2 Kg6 47. Rxa7 h6 48. a6 Kf5 49. Rb7 Kf4 50. h4 {Florina resigns}
1-0

[Event "ICS rated blitz match"]
[Site "204.178.125.65"]
[Date "1999.10.13"]
[Round "?"]
[White "Hossa"]
[Black "Florina"]
[Result "1/2-1/2"]
[WhiteElo "2393"]
[BlackElo "2219"]
[PlyCount "81"]
[EventDate "1999.??.??"]

1. e4 d5 2. e5 c5 3. c3 Nc6 4. d4 cxd4 5. cxd4 Qb6 6. Ne2 Bf5 7. a3 e6 8. Nbc3
Nge7 9. b4 h6 10. Be3 Bh7 11. Na4 Qc7 12. Ng3 Nf5 13. Nxf5 Bxf5 14. Rc1 a6 15.
Be2 Be7 16. O-O O-O 17. Bg4 Bxg4 18. Qxg4 Kh8 19. Nc5 Bxc5 20. Rxc5 Qd7 21. Qh5
f5 22. f4 Rac8 23. Rfc1 b6 24. R5c2 Ne7 25. Qe2 Rxc2 26. Rxc2 b5 27. Qh5 Rc8
28. Rc5 Kh7 29. Qf7 Rxc5 30. bxc5 a5 31. Bf2 b4 32. axb4 axb4 33. Bh4 Qa4 34.
Qxe7 Qd1+ 35. Kf2 Qxd4+ 36. Ke2 Qe4+ 37. Kd1 Qd3+ 38. Ke1 Qe3+ 39. Kd1 Qd3+ 40.
Ke1 Qe3+ 41. Kd1 {Game drawn by mutual agreement} 1/2-1/2

[Event "ICS rated blitz match"]
[Site "204.178.125.65"]
[Date "1999.10.11"]
[Round "?"]
[White "Hossa"]
[Black "Florina"]
[Result "1-0"]
[WhiteElo "2437"]
[BlackElo "2230"]
[PlyCount "37"]
[EventDate "1999.??.??"]

1. e4 d5 2. exd5 c6 3. dxc6 Nxc6 4. Bb5 Nf6 5. Nf3 Qb6 6. Nc3 e5 7. Nxe5 Bd6 8.
Bxc6+ bxc6 9. Nc4 Qc7 10. Nxd6+ Qxd6 11. O-O O-O 12. Ne2 Ng4 13. Ng3 f5 14. d4
f4 15. Ne4 Qc7 16. f3 Nf6 17. Nxf6+ Rxf6 18. Re1 Kh8 19. Re8+ {Florina resigns}
1-0

[Event "ICS rated blitz match"]
[Site "204.178.125.65"]
[Date "1999.09.18"]
[Round "?"]
[White "Hossa"]
[Black "Florina"]
[Result "1-0"]
[WhiteElo "2441"]
[BlackElo "2064"]
[PlyCount "59"]
[EventDate "1999.??.??"]

1. e4 d5 2. e5 c5 3. c3 Bf5 4. d4 Nc6 5. Ne2 e6 6. Be3 cxd4 7. Nxd4 Nxd4 8.
cxd4 Ne7 9. Bb5+ Nc6 10. Qa4 Qb6 11. Nc3 Rc8 12. O-O Be7 13. Rac1 O-O 14. f4 a6
15. Bxc6 bxc6 16. Kh1 c5 17. dxc5 Bxc5 18. Bxc5 Rxc5 19. Qa3 Qc6 20. Ne2 Rc8
21. Rxc5 Qxc5 22. Qxa6 Qc2 23. Nd4 Bd3 24. Qb7 Qc4 25. Rd1 Be4 26. Kg1 g6 27.
a3 Kg7 28. Nxe6+ Kh6 29. Qxf7 Rc7 30. Qf6 {Florina resigns} 1-0

[Event "ICS rated blitz match"]
[Site "204.178.125.65"]
[Date "1999.10.11"]
[Round "?"]
[White "Hossa"]
[Black "Florina"]
[Result "0-1"]
[WhiteElo "2451"]
[BlackElo "2216"]
[PlyCount "77"]
[EventDate "1999.??.??"]

1. e4 d5 2. exd5 c6 3. dxc6 Nxc6 4. Bb5 e5 5. Nc3 Nf6 6. Nf3 Bd6 7. d4 exd4 8.
Nxd4 O-O 9. Nxc6 bxc6 10. Bxc6 Rb8 11. Bb5 a6 12. Bd3 Re8+ 13. Kf1 Qc7 14. h3
Bb7 15. f3 Nh5 16. Ne2 Rbd8 17. b3 Ng3+ 18. Nxg3 Bxg3 19. Bg5 f6 20. Bxf6 gxf6
21. Qd2 Re7 22. Qb4 Rde8 23. a4 Kh8 24. Rb1 a5 25. Qd2 Re3 26. h4 Qe7 27. Be4
Bf4 28. Qd4 Bxe4 29. fxe4 Rxe4 30. Qc3 Re3 31. Qxe3 Qxe3 32. Rh3 Bg3 33. Rxg3
Qxg3 34. Rd1 Qxh4 35. Kg1 Qg4 36. Rd2 Re2 37. Rxe2 Qxe2 38. c4 Qd1+ 39. Kf2 {
Hossa resigns} 0-1

[Event "ICS rated blitz match"]
[Site "204.178.125.65"]
[Date "1999.09.17"]
[Round "?"]
[White "Hossa"]
[Black "Florina"]
[Result "1-0"]
[WhiteElo "2449"]
[BlackElo "2077"]
[Annotator "Fritz 5.32 (20s)"]
[PlyCount "51"]
[EventDate "1999.??.??"]

1. d4 1... Nf6 {Opening = A56 - 2.c4 c5 (3.d5 e5)} 2. c4 c5 3. d5 e5 4. dxe6
fxe6 5. e4 (5. Nc3 d5 6. Bg5 d4 7. Ne4 (7. Bxf6 Qxf6 8. Ne4 Qg6 9. Ng3 Bd6 10.
Qd3 O-O 11. Qxg6 hxg6 12. Ne4 Be7 13. Nf3 Nc6 14. O-O-O e5 15. g3 Bf5 16. Nfd2
Rab8 17. Bg2 Na5 18. b3 b5 19. cxb5 Rxb5 20. h4 Rfb8 21. e3 21... dxe3 {
Rodrigues,L-Borges,L/Sao Paulo 1998/EXT 99/0-1 (33)}) 7... Be7 8. Bxf6 Bxf6 9.
Nxf6+ Qxf6 10. Nf3 O-O 11. Qd2 h6 12. e3 e5 13. Bd3 Bh3 14. gxh3 Qxf3 15. Rf1
Nc6 16. Be2 Qxh3 17. O-O-O e4 18. exd4 cxd4 19. Rg1 Rxf2 20. Rg3 Qxh2 21. Rdg1
Rxe2 22. Rxg7+ Kh8 23. Qd1 Ne5 24. Qa4 24... Nd3+ {
0-1 Georgiou,A-Bayram,Y/Ankara 1995/CBM 49 ext (24)}) 5... d5 $11 (5... Nxe4 $5
$142 {muss geprueft werden} 6. Qh5+ 6... g6 $17) 6. cxd5 {
Raumvorteil. Weiss ergreift die Initiative} 6... exd5 7. exd5 Qxd5 8. Qxd5 Nxd5
9. Nf3 Nc6 10. Bd3 (10. Bc4 Ndb4 11. Na3 11... Bg4 $11) 10... Bg4 11. Ng5 11...
h6 $14 (11... Ncb4 $5 {muss beachtet werden} 12. Bb5+ Bd7 13. Bxd7+ 13... Kxd7
$15) 12. Bg6+ Kd7 13. Nf7 Rg8 14. Bh7 Re8+ 15. Be3 15... Nf6 $14 (15... Be7 16.
Bxg8 16... Rxg8 $17) 16. Bxg8 Nxg8 17. Nc3 17... Ke7 $16 (17... Bh5 18. Nh8
18... Bd6 $16) 18. Nh8 Kf6 (18... Nb4 $5 19. f3 Nc2+ 20. Kf2 Nxa1 21. Rxa1 Be6
22. Bxc5+ Kd7 23. Rd1+ Kc6 24. Bxf8 24... Rxf8 $16) 19. Nd5+ Ke5 20. Nc7 Rc8
21. Ng6+ Kf6 22. Nxf8 Rxc7 23. Bxc5 g5 (23... Ne5 24. Bxa7 Kf7 25. Bd4 $18) 24.
h4 Ne5 25. hxg5+ hxg5 26. Bd4 (26. Bd4 Rc4 27. Nh7+ Kg6 28. Bxe5 Re4+ 29. Kd2
Rxe5 30. f3 $18) (26. Bxa7 $6 26... Rf7 27. f3 27... Bf5 $18) 1-0